000 00401nam a22001217a 4500
003 SGT
082 _a200
_bH91R
100 _aरंजन, जितेंद्र नाथ
245 _a हरिद्वार: गंगाद्वारे महातीर्थे
260 _bहरिद्वार विकास प्राधिकरण
_c1991
300 _a120
942 _2ddc
_cBK
999 _c31743
_d31743